000 00311nam a22001337a 4500
005 20231102145853.0
008 231102b ||||| |||| 00| 0 eng d
040 _cAL
041 _aEnglish
082 _223
_a530
_bRAOP
100 _aRAO (M A R)
_9140642
245 _aPre University Physics
942 _2ddc
_cSG
999 _c229092
_d229092